Public enterprises and service providers in institutional competition and undergoing structural change: new challenges to the theory of public economics and public services in Germany (Record no. 79593)

000 -LEADER
fixed length control field 00536pab a2200157 454500
008 - FIXED-LENGTH DATA ELEMENTS--GENERAL INFORMATION
fixed length control field 180718b2008 xxu||||| |||| 00| 0 eng d
100 ## - MAIN ENTRY--PERSONAL NAME
Personal name Cox, Helmut
245 ## - TITLE STATEMENT
Title Public enterprises and service providers in institutional competition and undergoing structural change: new challenges to the theory of public economics and public services in Germany
260 ## - PUBLICATION, DISTRIBUTION, ETC.
Date of publication, distribution, etc. 2008
300 ## - PHYSICAL DESCRIPTION
Extent p.527-47.
362 ## - DATES OF PUBLICATION AND/OR SEQUENTIAL DESIGNATION
Dates of publication and/or sequential designation Sep-Dec
650 ## - SUBJECT ADDED ENTRY--TOPICAL TERM
Topical term or geographic name entry element Market economy
773 ## - HOST ITEM ENTRY
Main entry heading Annals of Public and Cooperative Economics
908 ## - PUT COMMAND PARAMETER (RLIN)
Put command parameter N
909 ## -
-- 79593
Holdings
Withdrawn status Lost status Damaged status Not for loan Permanent Location Current Location Date acquired Serial Enumeration / chronology Barcode Date last seen Price effective from Koha item type
        Indian Institute of Public Administration Indian Institute of Public Administration 2018-07-19 Volume no: 79, Issue no: 3-4 AR80053 2018-07-19 2018-07-19 Articles

Powered by Koha